Normal view
MARC view
- العزاوي، حيدر مظهر عباس
Entry Personal Name
001 - CONTROL NUMBER
- control field: 65163
003 - CONTROL NUMBER IDENTIFIER
- control field: JO-AjAnu
005 - DATE AND TIME OF LATEST TRANSACTION
- control field: 20240326120120.0
008 - FIXED-LENGTH DATA ELEMENTS
- fixed length control field: 240326|| aca||aabn | a|a d
040 ## - CATALOGING SOURCE
- Original cataloging agency: JO-AjAnu
100 ## - HEADING--PERSONAL NAME
- Personal name: العزاوي، حيدر مظهر عباس
- Relator term: مؤلف